| 000 | 00711nam a22002177a 4500 | ||
|---|---|---|---|
| 008 | 130324s2012 ohu||||| |||| 001 0 eng d | ||
| 020 | _a9781133584476 | ||
| 020 | _a1133584470 | ||
| 082 |
_a657.42 _bHAN _223 |
||
| 100 |
_aHansen, Don R. _92229 |
||
| 245 |
_aCornerstones of cost management / _cDon R. Hansen, Maryanne M. Mowen. |
||
| 250 |
_a2nd ed. _bInternational Edition |
||
| 260 |
_aAustralia ; Mason, OH : _bSouth-Western, Cengage Learning, _cc2012. |
||
| 300 |
_axx, 1100 p. ; _bcol. ill. ; _c26 cm. |
||
| 500 | _aInclude index. | ||
| 650 |
_aCost accounting _932952 |
||
| 650 |
_aManagerial accounting _932953 |
||
| 653 | _bBus | ||
| 700 |
_aMowen, Maryanne M. _92230 |
||
| 942 |
_2ddc _cBB _k657.42 HAN |
||
| 999 |
_c17394 _d17366 |
||